| 000 | 00530nam a2200169 i 4500 | ||
|---|---|---|---|
| 001 | 142387 | ||
| 003 | ES-MaACL | ||
| 005 | 20230906200517.0 | ||
| 007 | t| | ||
| 008 | 071005s1966 sp ||||1| spa d | ||
| 100 | 1 |
_aVillabriga, Vicente. _9114902 |
|
| 245 | 1 | 0 |
_aFrancisco de Asís en Sangüesa _b: historia, arte literatura... / _cVicente Villabriga. |
| 260 |
_aSangüesa : _bAyuntamiento, _c1966. |
||
| 300 |
_a192 p. : _bil. ; _c24 cm. |
||
| 710 | 2 |
_aSangüesa. _bAyuntamiento. _96495 |
|
| 852 |
_aES-MaACL _jC-31820 _bR.62290 |
||
| 999 |
_c142387 _d142387 |
||